[Event "3 Copa Simon Bolivar Libertador"]
[Site "Buenos Aires"]
[Date "2010.06.28"]
[Round "4.1"]
[White "Mareco, Sandro"]
[Black "Paveto, Kevin"]
[Result "1-0"]
[WhiteElo "2535"]
[BlackElo "2204"]
[PlyCount "71"]
[EventDate "2010.06.27"]

1. d4 Nf6 2. c4 g6 3. Nf3 Bg7 4. g3 O-O 5. Bg2 c6 6. O-O d5 7. Qb3 Qb6 8. Nc3
dxc4 9. Qxc4 Be6 10. Qd3 Qa6 11. Qc2 Nd5 12. Bd2 Nb4 13. Qd1 Bf5 14. Bg5 Re8
15. e4 Bg4 16. a3 Nd3 17. Qc2 Bxf3 18. Bxf3 Bxd4 19. Be2 Qa5 20. Bd2 Ne5 21.
Nb5 Qb6 22. Nxd4 Qxd4 23. Bc3 Qd6 24. Rad1 Qc7 25. Qd2 f6 26. f4 Nf7 27. e5 f5
28. g4 e6 29. gxf5 gxf5 30. Kh1 c5 31. Qe3 Nd7 32. Rg1+ Kh8 33. Bb5 Rad8 34.
Rg3 Rg8 35. Rxd7 Qb6 36. Rxd8 1-0

[Event "3 Copa Simon Bolivar Libertador"]
[Site "Buenos Aires"]
[Date "2010.06.28"]
[Round "4.2"]
[White "Perez Ponsa, Federico"]
[Black "Rodriguez Vila, Andres"]
[Result "1-0"]
[WhiteElo "2463"]
[BlackElo "2502"]
[PlyCount "125"]
[EventDate "2010.06.27"]

1. e4 e6 2. Nf3 d5 3. Nc3 Nf6 4. e5 Ne4 5. Ne2 Bc5 6. d4 Be7 7. Ng3 c5 8. Bd3
Qa5+ 9. c3 cxd4 10. Nxd4 Nd7 11. Nxe4 dxe4 12. Bxe4 Qxe5 13. Qe2 Nc5 14. Bc2
Qxe2+ 15. Kxe2 b6 16. c4 Bb7 17. f3 O-O-O 18. Rd1 Bd6 19. h3 g6 20. Bg5 Rd7 21.
Bf6 Rg8 22. b4 Na6 23. Ba4 Rc7 24. Nb5 Bxb4 25. Nxc7 Nxc7 26. Be5 Ba6 27. Rac1
Ba3 28. Rc2 Nd5 29. Rd3 Nb4 30. Rxa3 Nxc2 31. Bxc2 Bxc4+ 32. Ke3 Kb7 33. Be4+
Bd5 34. Bxd5+ exd5 35. Rc3 Re8 36. Rc7+ Ka6 37. Kf4 f6 38. Bxf6 Re2 39. g4 h6
40. Rh7 Re6 41. Bd4 Kb5 42. Rxa7 Kc4 43. Be5 Re8 44. Bg7 g5+ 45. Kg3 Re6 46. h4
b5 47. Rc7+ Kd3 48. Rc3+ Ke2 49. h5 Rd6 50. Bd4 b4 51. Rb3 Rd7 52. Rxb4 Rf7 53.
Rb3 Rf4 54. Be5 Ra4 55. f4 Re4 56. fxg5 Rxe5 57. gxh6 d4 58. h7 Re8 59. g5 d3
60. g6 d2 61. Rb2 Rb8 62. Rxd2+ Kxd2 63. g7 1-0

[Event "3 Copa Simon Bolivar Libertador"]
[Site "Buenos Aires"]
[Date "2010.06.28"]
[Round "4.3"]
[White "Slipak, Sergio"]
[Black "Flores, Diego"]
[Result "0-1"]
[WhiteElo "2440"]
[BlackElo "2584"]
[PlyCount "98"]
[EventDate "2010.06.27"]

1. d4 g6 2. e4 Bg7 3. c3 d6 4. Bg5 h6 5. Bh4 Nf6 6. Nd2 Nbd7 7. Bc4 c5 8. Ne2
O-O 9. Bb3 b5 10. O-O Bb7 11. f3 e5 12. d5 h5 13. a4 a6 14. Bc2 Qc7 15. b3 Bh6
16. Bf2 Kg7 17. g3 Nh7 18. f4 Nhf6 19. Kh1 Rae8 20. c4 h4 21. Bg1 Rh8 22. Kg2
hxg3 23. hxg3 Bc8 24. axb5 axb5 25. Nc3 bxc4 26. Nxc4 Qb8 27. Qf3 exf4 28. gxf4
Nh5 29. Bh2 Ndf6 30. f5 Re5 31. Nxe5 dxe5 32. Ne2 gxf5 33. exf5 Bb7 34. Nc3 Bf4
35. Rh1 Bxh2 36. Rxh2 Nf4+ 37. Kh1 Rxh2+ 38. Kxh2 Qh8+ 39. Kg1 Qh4 40. Be4 Nh3+
41. Kf1 Ng5 42. Qg2 Nh5 43. Ra4 Ng3+ 44. Kg1 Nh3+ 45. Kh2 Nf4+ 46. Kg1 Nxg2 47.
Bxg2 Qg5 48. f6+ Kxf6 49. Kh2 Qh6+ 0-1

[Event "3 Copa Simon Bolivar Libertador"]
[Site "Buenos Aires"]
[Date "2010.06.28"]
[Round "4.4"]
[White "Perelman, Hernan"]
[Black "Goldwaser, Christian"]
[Result "1/2-1/2"]
[WhiteElo "2338"]
[BlackElo "2432"]
[PlyCount "38"]
[EventDate "2010.06.27"]

1. d4 d5 2. Nf3 Nf6 3. c4 dxc4 4. e3 Bg4 5. Bxc4 e6 6. h3 Bh5 7. b3 Bb4+ 8. Bd2
Bd6 9. O-O Nbd7 10. Be2 c5 11. Bc3 O-O 12. Nbd2 Rc8 13. Nc4 Be7 14. Rc1 Nd5 15.
Bb2 Bf6 16. Nd6 Rc6 17. Ne4 Be7 18. dxc5 Nxc5 19. Nxc5 Rxc5 1/2-1/2

[Event "3 Copa Simon Bolivar Libertador"]
[Site "Buenos Aires"]
[Date "2010.06.28"]
[Round "4.5"]
[White "Saldaño Dayer, Horacio"]
[Black "Cuevas, Alex"]
[Result "1-0"]
[WhiteElo "2432"]
[BlackElo "2304"]
[PlyCount "93"]
[EventDate "2010.06.27"]

1. e4 c5 2. Nf3 d6 3. d4 cxd4 4. Qxd4 a6 5. c4 Nc6 6. Qe3 Bg4 7. Be2 Bxf3 8.
Bxf3 g6 9. O-O Bg7 10. Rd1 e5 11. Qd3 Nge7 12. Nc3 Nd4 13. b3 O-O 14. Bb2 Rc8
15. Ne2 Nec6 16. Bg4 Rb8 17. Nxd4 Nxd4 18. g3 Qe7 19. Kh1 h5 20. Bh3 Bf6 21. f4
Kg7 22. Rf1 Nc6 23. Rad1 exf4 24. Bxf6+ Qxf6 25. gxf4 Rbd8 26. Rd2 Rfe8 27. Bg2
Re7 28. Qg3 a5 29. Rfd1 Ree8 30. h4 Qe7 31. Qg5 f6 32. Qg3 Kh7 33. Bf3 Rg8 34.
Rg2 Qe6 35. Kh2 a4 36. Qh3 Qe7 37. Rd5 Nb4 38. Rd1 axb3 39. axb3 b5 40. cxb5 d5
41. exd5 Qe3 42. Qg3 Qxb3 43. d6 Qa4 44. Rd4 Qa3 45. Be4 Qxg3+ 46. Kxg3 f5 47.
Bb1 1-0

[Event "3 Copa Simon Bolivar Libertador"]
[Site "Buenos Aires"]
[Date "2010.06.28"]
[Round "4.6"]
[White "Pierrot, Facundo"]
[Black "Lujan, Carolina"]
[Result "1/2-1/2"]
[WhiteElo "2431"]
[BlackElo "2296"]
[PlyCount "38"]
[EventDate "2010.06.27"]

1. e4 c5 2. Nf3 e6 3. c3 d5 4. exd5 Qxd5 5. d4 Nf6 6. Na3 Qd8 7. Nc2 Nc6 8. Bd3
cxd4 9. Ncxd4 Be7 10. Nxc6 bxc6 11. O-O O-O 12. Qe2 Bb7 13. Bg5 c5 14. Rad1 Qc7
15. Ne5 Nd5 16. Bxe7 Qxe7 17. Be4 Rad8 18. Nf3 f5 19. Bxd5 Rxd5 1/2-1/2

[Event "3 Copa Simon Bolivar Libertador"]
[Site "Buenos Aires"]
[Date "2010.06.28"]
[Round "4.7"]
[White "Espinoza Palomino, Willyam"]
[Black "Liascovich, Lucas"]
[Result "1/2-1/2"]
[WhiteElo "2286"]
[BlackElo "2427"]
[PlyCount "90"]
[EventDate "2010.06.27"]

1. e4 c5 2. Nf3 e6 3. d4 cxd4 4. Nxd4 Nc6 5. Nc3 Qc7 6. Be2 a6 7. O-O Nf6 8.
Be3 Bb4 9. Na4 Be7 10. Nxc6 bxc6 11. Nb6 Rb8 12. Nxc8 Qxc8 13. Bd4 Nxe4 14.
Bxg7 Rg8 15. Be5 d6 16. Qd3 f5 17. Bc3 Kd7 18. Rad1 Qb7 19. b3 Nxc3 20. Qxc3
Qb4 21. Qxb4 Rxb4 22. Bxa6 Ra8 23. Bd3 Rxa2 24. Ra1 Rxa1 25. Rxa1 d5 26. g3 c5
27. Kg2 Bd6 28. Ra7+ Bc7 29. Ra8 Bb8 30. Ra6 h6 31. Kf3 Ke7 32. Rc6 Bd6 33. Rc8
Kf6 34. Rc6 Be7 35. Ke3 Bd8 36. Kd2 Rg4 37. Ba6 Ba5+ 38. Ke2 Re4+ 39. Kf1 Bb4
40. f4 Re1+ 41. Kg2 Rc1 42. Bd3 Rd1 43. Kf3 Rd2 44. g4 fxg4+ 45. Kxg4 h5+
1/2-1/2

[Event "3 Copa SImon Bolivar Libertador"]
[Site "Buenos Aires"]
[Date "2010.06.28"]
[Round "4.8"]
[White "Krysa, Leandro Sergio"]
[Black "Real de Azua, Ernesto"]
[Result "1/2-1/2"]
[WhiteElo "2244"]
[BlackElo "2420"]
[PlyCount "68"]
[EventDate "2010.06.28"]

1. d4 d5 2. c4 c6 3. Nf3 Nf6 4. Nc3 e6 5. e3 Nbd7 6. Qc2 Bd6 7. b3 O-O 8. Be2
b6 9. O-O Bb7 10. Bb2 Qe7 11. Rad1 Rac8 12. e4 Nxe4 13. Nxe4 dxe4 14. Qxe4 f5
15. Qe3 c5 16. Ne5 Nf6 17. Bf3 Ne4 18. Bxe4 fxe4 19. Rd2 Rf5 20. f4 exf3 21.
gxf3 cxd4 22. Bxd4 Qg5+ 23. Ng4 Qxe3+ 24. Bxe3 Bc7 25. f4 Bc6 26. Ne5 Bxe5 27.
fxe5 Rxe5 28. Bf4 Re4 29. Bg3 h6 30. Rd6 Re2 31. Rf2 Re3 32. Rfd2 Kh7 33. Kf2
Rf3+ 34. Ke1 Rf6 1/2-1/2

[Event "3 Copa Simon Bolivar Libertador"]
[Site "Buenos Aires"]
[Date "2010.06.28"]
[Round "4.9"]
[White "Sirbu, George"]
[Black "Iermito, Sebastian"]
[Result "0-1"]
[WhiteElo "2178"]
[BlackElo "2457"]
[PlyCount "110"]
[EventDate "2010.06.27"]

1. e4 g6 2. d4 Bg7 3. Nf3 d6 4. g3 Nf6 5. Nc3 O-O 6. Bg2 Nc6 7. O-O e5 8. d5
Ne7 9. h3 c6 10. dxc6 bxc6 11. Be3 Ba6 12. Re1 Qc7 13. Nd2 Rfd8 14. Na4 d5 15.
Nc5 Bc8 16. Qe2 Rb8 17. Rab1 h6 18. c3 g5 19. f3 Ng6 20. b4 Nh5 21. Kh2 Qe7 22.
Bf2 f5 23. exf5 Bxf5 24. Rbd1 Nf6 25. Ndb3 h5 26. Qd2 Nh7 27. Na5 Qf6 28. Be3
Rf8 29. Ncb3 Rf7 30. Nc5 Bc8 31. Rf1 Ne7 32. Rde1 Nf5 33. Bf2 Nf8 34. a3 Ng6
35. c4 Nfe7 36. Rd1 Bh6 37. Be3 Kg7 38. h4 Nf4 39. gxf4 gxf4 40. Bf2 Kh7 41.
Rg1 Bf5 42. Bh3 Bxh3 43. Kxh3 Qf5+ 44. Kh2 e4 45. Qc2 exf3 46. Qxf5+ Nxf5 47.
Nxc6 Re8 48. Rge1 Ne3 49. Rxd5 Rg8 50. Ne4 Rg2+ 51. Kh3 Ng4 52. Rxh5 Rg7 53.
Ng5+ Rxg5 54. Rxh6+ Kxh6 55. hxg5+ Kh5 0-1

[Event "3 Copa Simon Bolivar Libertador"]
[Site "Buenos Aires"]
[Date "2010.06.29"]
[Round "5.1"]
[White "Perez Ponsa, Federico"]
[Black "Mareco, Sandro"]
[Result "0-1"]
[WhiteElo "2463"]
[BlackElo "2535"]
[PlyCount "104"]
[EventDate "2010.06.27"]

1. e4 c5 2. Nc3 d6 3. Nf3 Nf6 4. d4 cxd4 5. Nxd4 a6 6. Be3 e5 7. Nb3 Be7 8. Be2
O-O 9. g4 Be6 10. g5 Nfd7 11. h4 Nb6 12. Qd2 a5 13. a4 Nc6 14. Nd5 Bxd5 15.
exd5 Nb4 16. c4 Qc7 17. Qc3 Rac8 18. Nd2 Qd8 19. Qb3 N6xd5 20. cxd5 Nc2+ 21.
Kf1 Nxa1 22. Qxb7 Rc7 23. Qb5 Rc1+ 24. Kg2 Rxh1 25. Kxh1 Qc8 26. Kg2 f6 27. Qc4
Nc2 28. Bb6 fxg5 29. Qxc8 Rxc8 30. Bxa5 Bd8 31. Bc3 Ra8 32. hxg5 Ba5 33. Ne4
Bxc3 34. bxc3 Rxa4 35. Nxd6 Kf8 36. Nb7 Ra7 37. Nd8 Rd7 38. Ne6+ Ke7 39. Bc4
Na3 40. Ba2 Rb7 41. Nc5 Rb2 42. Bb3 Nb5 43. d6+ Nxd6 44. Bg8 Rb5 45. Nb3 e4 46.
f3 exf3+ 47. Kxf3 Kf8 48. Be6 Rxg5 49. c4 Ke7 50. Bd5 h5 51. Nd4 Kf6 52. Ne6
Rf5+ 0-1

[Event "3 Copa Simon Bolivar Libertador"]
[Site "Buenos Aires"]
[Date "2010.06.29"]
[Round "5.2"]
[White "Flores, Diego"]
[Black "Saldaño Dayer, Horacio"]
[Result "1/2-1/2"]
[WhiteElo "2584"]
[BlackElo "2432"]
[PlyCount "49"]
[EventDate "2010.06.27"]

1. c4 Nf6 2. Nc3 g6 3. e4 d6 4. g3 Bg7 5. Bg2 O-O 6. Nge2 c5 7. d3 Nc6 8. O-O
Ne8 9. Be3 Nc7 10. d4 cxd4 11. Nxd4 Ne6 12. Nde2 Rb8 13. h3 a6 14. a4 Nc5 15.
Rb1 b6 16. b4 Nd7 17. f4 Bb7 18. Qd2 a5 19. b5 Nb4 20. Nd5 Nc5 21. Bxc5 dxc5
22. Rbd1 e6 23. Ne3 e5 24. Nd5 Bxd5 25. exd5 1/2-1/2

[Event "3 Copa Simon Bolivar Libertador"]
[Site "Buenos Aires"]
[Date "2010.06.29"]
[Round "5.3"]
[White "Rodriguez Vila, Andres"]
[Black "de Dovitiis, Alejo"]
[Result "1-0"]
[WhiteElo "2502"]
[BlackElo "2361"]
[PlyCount "49"]
[EventDate "2010.06.27"]

1. e4 e6 2. d4 d5 3. e5 c5 4. c3 Nc6 5. Be3 Bd7 6. Nf3 Qb6 7. Qd2 cxd4 8. cxd4
Bb4 9. Nc3 Rc8 10. a3 Bxc3 11. Qxc3 Nge7 12. Rb1 Nf5 13. Qd3 Na5 14. Bd2 a6 15.
Bb4 Bb5 16. Qd1 Bxf1 17. Rxf1 Rc4 18. Bc5 Qb5 19. g4 Nxd4 20. Bxd4 Nb3 21. Be3
Re4 22. Qc2 Rc4 23. Qd3 d4 24. Nxd4 Rxd4 25. Bxd4 1-0

[Event "3 Copa Simon Bolivar Libertador"]
[Site "Buenos Aires"]
[Date "2010.06.29"]
[Round "5.4"]
[White "Iermito, Sebastian"]
[Black "Filgueira, Hernan"]
[Result "1/2-1/2"]
[WhiteElo "2457"]
[BlackElo "2347"]
[PlyCount "69"]
[EventDate "2010.06.27"]

1. e4 c5 2. Nf3 e6 3. d4 cxd4 4. Nxd4 a6 5. Bd3 Nc6 6. Nxc6 dxc6 7. Nd2 e5 8.
Qh5 Bd6 9. Nc4 Nf6 10. Nxd6+ Qxd6 11. Qh4 Be6 12. O-O Nd7 13. Be3 Qe7 14. Qg3
f6 15. f4 O-O-O 16. f5 Bg8 17. Qf2 g6 18. c3 gxf5 19. Qxf5 Be6 20. Qf2 Rhg8 21.
Kh1 Rg6 22. b4 Rdg8 23. Rg1 Kd8 24. a4 Ke8 25. b5 axb5 26. axb5 c5 27. Ra7 Qd6
28. Be2 Qb6 29. Raa1 Ke7 30. g3 Rc8 31. Rgb1 Rgg8 32. Qf1 Ra8 33. Bc4 Rxa1 34.
Rxa1 Qd6 35. Ra7 1/2-1/2

[Event "3 Copa Simon Bolivar Libertador"]
[Site "Buenos Aires"]
[Date "2010.06.29"]
[Round "5.5"]
[White "Lujan, Carolina"]
[Black "Slipak, Sergio"]
[Result "1/2-1/2"]
[WhiteElo "2296"]
[BlackElo "2440"]
[PlyCount "70"]
[EventDate "2010.06.27"]

1. e4 e5 2. Nf3 Nc6 3. Bc4 Nf6 4. d3 Be7 5. O-O O-O 6. Re1 d6 7. a4 Na5 8. Ba2
c5 9. Nbd2 Be6 10. Nc4 Nxc4 11. Bxc4 Nd7 12. Nd2 Nb6 13. Bxe6 fxe6 14. Nf1 Qe8
15. c3 Bf6 16. Be3 Rc8 17. a5 Nd7 18. Qb3 Rc7 19. Nd2 Nb8 20. Nf3 Nc6 21. Ra4
Qf7 22. Rf1 a6 23. d4 exd4 24. cxd4 c4 25. Rxc4 Nxa5 26. Rxc7 Nxb3 27. Rxf7
Kxf7 28. e5 dxe5 29. dxe5 Be7 30. Rd1 Rd8 31. Rxd8 Bxd8 32. Kf1 h5 33. h3 Na5
34. Ke2 Nc4 35. Bd4 b5 1/2-1/2

[Event "3 Copa Simon Bolivar Libertador"]
[Site "Buenos Aires"]
[Date "2010.06.29"]
[Round "5.6"]
[White "Goldwasser, Christian"]
[Black "Espinoza Palomino, Willyam"]
[Result "1/2-1/2"]
[WhiteElo "2432"]
[BlackElo "2286"]
[PlyCount "47"]
[EventDate "2010.06.27"]

1. Nf3 Nf6 2. c4 b6 3. g3 Bb7 4. Bg2 e6 5. Nc3 Be7 6. d4 Ne4 7. Bd2 d5 8. Rc1
O-O 9. cxd5 exd5 10. Bf4 Nxc3 11. bxc3 Nd7 12. O-O c5 13. c4 dxc4 14. d5 g5 15.
Bd2 Bxd5 16. Bxg5 Bxg5 17. Qxd5 Bxc1 18. Rxc1 Qe7 19. Rxc4 Rae8 20. Qh5 Ne5 21.
Rh4 Nxf3+ 22. Bxf3 f5 23. Bd5+ Kh8 24. Be6 1/2-1/2

[Event "3 Copa Simon Bolivar Libertador"]
[Site "Buenos Aires"]
[Date "2010.06.29"]
[Round "5.7"]
[White "Paveto, Kevin"]
[Black "Pierrot, Facundo"]
[Result "0-1"]
[WhiteElo "2204"]
[BlackElo "2431"]
[PlyCount "120"]
[EventDate "2010.06.27"]

1. e4 e5 2. Nf3 Nc6 3. Bc4 Bc5 4. Nc3 Nf6 5. d3 d6 6. Bg5 h6 7. Bxf6 Qxf6 8.
Nd5 Qd8 9. c3 a6 10. d4 Ba7 11. h3 O-O 12. O-O exd4 13. cxd4 Ne7 14. Rc1 Nxd5
15. Bxd5 c6 16. Bb3 Bd7 17. Qd3 Qe7 18. Rfe1 Rad8 19. Bc2 g6 20. Qb3 Bc8 21. e5
Kg7 22. Qc3 dxe5 23. dxe5 Qc5 24. Qxc5 Bxc5 25. Bb3 Be7 26. Rcd1 Rxd1 27. Rxd1
Rd8 28. Rxd8 Bxd8 29. Nd2 g5 30. g4 Bc7 31. Nf3 b5 32. Kf1 Kf8 33. Ke2 Bb6 34.
Bc2 Be6 35. b3 c5 36. Nd2 Ke7 37. Ne4 c4 38. Nd6 cxb3 39. axb3 Bc7 40. Nf5+ Kd7
41. Nxh6 Bxe5 42. Bf5 Ke7 43. Bc2 Kd6 44. b4 Bc3 45. Nf5+ Kd7 46. Be4 Bxb4 47.
Bb7 a5 48. Nd4 Bc4+ 49. Kd1 Kd6 50. Kc2 Bc5 51. Nf5+ Kc7 52. Be4 Bxf2 53. Kc3
a4 54. Kb4 Kb6 55. Bc2 Be1+ 56. Ka3 Ka5 57. Ne3 b4+ 58. Kb2 a3+ 59. Kc1 Be6 60.
Nd1 Bg3 0-1

[Event "3 Copa Simon Bolivar Libertador"]
[Site "Buenos Aires"]
[Date "2010.06.29"]
[Round "5.8"]
[White "Real de Azua, Ernesto"]
[Black "Ivanov, Ivan"]
[Result "1-0"]
[WhiteElo "2420"]
[BlackElo "2098"]
[PlyCount "63"]
[EventDate "2010.06.27"]

1. e4 e5 2. Nf3 Nc6 3. d4 exd4 4. Nxd4 Nf6 5. Nxc6 bxc6 6. e5 Nd5 7. Bd3 Bb4+
8. c3 Bc5 9. Qg4 g6 10. O-O O-O 11. Qg3 a5 12. Nd2 f5 13. Nb3 Be7 14. Nd4 Bh4
15. Qh3 Bg5 16. f4 Be7 17. g4 Bc5 18. gxf5 gxf5 19. Bxf5 Qe7 20. Kh1 Ba6 21.
Bd3 Bxd3 22. Qxd3 Kh8 23. Bd2 Rae8 24. Rae1 Qf7 25. f5 Ne7 26. e6 dxe6 27. Nxe6
Rg8 28. Nxc5 Rd8 29. Nd7 Nc8 30. Qd4+ Rg7 31. Bh6 Rxd7 32. Bxg7+ 1-0

[Event "3 Copa Simon Bolivar Libertador"]
[Site "Buenos Aires"]
[Date "2010.06.29"]
[Round "5.9"]
[White "Fusco, Leonardo"]
[Black "Perelman, Hernan"]
[Result "1/2-1/2"]
[WhiteElo "2389"]
[BlackElo "2338"]
[PlyCount "86"]
[EventDate "2010.06.27"]

1. e4 d6 2. d4 Nf6 3. f3 e5 4. d5 Be7 5. Be3 h5 6. Bd3 h4 7. Ne2 Nbd7 8. c4 c6
9. Nbc3 a5 10. Qd2 Nc5 11. Bc2 Bd7 12. Na4 Nxa4 13. Bxa4 cxd5 14. Bxd7+ Nxd7
15. Qxd5 Qc7 16. O-O O-O 17. b3 a4 18. Nc3 Ra5 19. Qd2 axb3 20. Nd5 Rxd5 21.
cxd5 Nc5 22. Qb4 bxa2 23. Rxa2 Rc8 24. Ra7 Rb8 25. Rb1 Nd3 26. Qb3 Nf4 27. Kf2
Bg5 28. Rc1 Qe7 29. g3 Nh5 30. Ra2 Qf6 31. Rg1 Rc8 32. Rc2 Ra8 33. Bxg5 Qxg5
34. Qxb7 Rf8 35. Qb6 hxg3+ 36. hxg3 f5 37. exf5 Qxf5 38. Rc3 Nf6 39. Kg2 e4 40.
Re1 Nxd5 41. Qb3 Qf7 42. Rxe4 Nxc3 43. Qxc3 d5 1/2-1/2

[Event "3 Copa Simon Bolivar Libertador"]
[Site "Buenos Aires"]
[Date "2010.06.29"]
[Round "5.10"]
[White "Cabrera Pando, Ramiro Eugenio"]
[Black "Bronstein, Luis Marcos"]
[Result "0-1"]
[WhiteElo "2078"]
[BlackElo "2361"]
[PlyCount "120"]
[EventDate "2010.06.27"]

1. d4 Nf6 2. c4 g6 3. Nc3 d5 4. Bg5 Ne4 5. Bh4 c5 6. cxd5 Nxc3 7. bxc3 Qxd5 8.
e3 cxd4 9. Qxd4 Qxd4 10. cxd4 e6 11. Bb5+ Bd7 12. Bxd7+ Nxd7 13. Rc1 Bd6 14.
Nf3 f6 15. Bg3 Ke7 16. Ke2 Rhc8 17. Bxd6+ Kxd6 18. Nd2 b5 19. Ne4+ Ke7 20. Nc5
Nxc5 21. dxc5 Rc6 22. Rc2 Rac8 23. Rhc1 e5 24. e4 Ke6 25. Rc3 a5 26. Kd2 Rd8+
27. Rd3 Rxd3+ 28. Kxd3 Kd7 29. a4 bxa4 30. Kc4 Rc8 31. Ra1 Kc6 32. Rxa4 Ra8 33.
h4 h5 34. f3 g5 35. g3 gxh4 36. gxh4 Ra6 37. Ra1 a4 38. Kb4 a3 39. Ra2 Ra8 40.
Kc4 Ra5 41. Kb4 Ra8 42. Kc4 Ra4+ 43. Kb3 Rd4 44. Kc3 Ra4 45. Kb3 Rd4 46. Kc3 f5
47. exf5 Rf4 48. Rxa3 Rxf3+ 49. Kb4 Rf4+ 50. Kc3 Rf3+ 51. Kb4 Rf4+ 52. Kc3 Rxh4
53. f6 Rf4 54. Ra6+ Kxc5 55. Kd3 Kd5 56. Ke3 h4 57. Rb6 h3 58. Rb2 Rxf6 59.
Rd2+ Ke6 60. Rh2 Rh6 0-1

[Event "3 Copa Simon Bolivar Libertador"]
[Site "Buenos Aires"]
[Date "2010.06.30"]
[Round "6.1"]
[White "Mareco, Sandro"]
[Black "Real de Azua, Ernesto"]
[Result "1-0"]
[WhiteElo "2535"]
[BlackElo "2420"]
[PlyCount "103"]
[EventDate "2010.06.27"]

1. d4 Nf6 2. c4 e6 3. Nf3 b6 4. g3 Ba6 5. Qa4 Bb7 6. Bg2 c5 7. dxc5 bxc5 8. O-O
Be7 9. Nc3 O-O 10. Rd1 Qb6 11. Bf4 Rd8 12. Qb3 Bc6 13. Rd2 Na6 14. Rad1 Qxb3
15. axb3 Nb4 16. Bd6 Bxd6 17. Rxd6 Ne8 18. R6d2 Nc7 19. Ne5 Bxg2 20. Rxd7 Rxd7
21. Rxd7 Bh3 22. Rxc7 f6 23. Nd7 Rd8 24. f3 e5 25. Nxc5 h5 26. Rxa7 Rd2 27. Rb7
Nc6 28. N5a4 Nd4 29. Kf2 Rc2 30. b4 Rc1 31. b5 Nc2 32. e3 Rh1 33. Ke2 Rxh2+ 34.
Kd3 Nb4+ 35. Ke4 g6 36. g4 hxg4 37. Rb6 Kg7 38. Rb7+ Kh6 39. Rf7 f5+ 40. Kxe5
gxf3 41. Nd1 Rd2 42. Nac3 Nd3+ 43. Kf6 Nxb2 44. Rf8 Rd6+ 45. Ke7 Nxd1 46. Rh8+
Kg5 47. Rxh3 f2 48. Rf3 Kg4 49. Rxf2 Nxc3 50. Kxd6 Ne4+ 51. Kc6 Nxf2 52. b6 1-0

[Event "3 Copa Simon Bolivar Libertador"]
[Site "Buenos Aires"]
[Date "2010.06.30"]
[Round "6.2"]
[White "Pierrot, Facundo"]
[Black "Flores, Diego"]
[Result "0-1"]
[WhiteElo "2431"]
[BlackElo "2584"]
[PlyCount "110"]
[EventDate "2010.06.27"]

1. e4 c5 2. Nf3 e6 3. d4 cxd4 4. Nxd4 a6 5. Bd3 Bc5 6. Nb3 Be7 7. c4 d6 8. Nc3
Nf6 9. O-O O-O 10. Qe2 Qc7 11. f4 Nc6 12. Be3 b6 13. Rac1 Qb8 14. Nd4 Bb7 15.
Kh1 Nd7 16. Bb1 Re8 17. Qd3 Bf8 18. Nf3 g6 19. Bf2 Qa7 20. Ng5 h6 21. Nf3 Rad8
22. f5 Nde5 23. Nxe5 Nxe5 24. Qg3 Bc6 25. Bd4 Bg7 26. fxg6 fxg6 27. Bxe5 Bxe5
28. Qxg6+ Qg7 29. Qh5 Rf8 30. Bd3 Rxf1+ 31. Rxf1 Rf8 32. Rxf8+ Kxf8 33. Nd1 Ke7
34. b3 Bd4 35. Qe2 Bc5 36. g3 Qd4 37. Kg2 Qg1+ 38. Kf3 Be8 39. Nf2 Qxh2 40. Ng4
Qh1+ 41. Qg2 Qd1+ 42. Qe2 Qh1+ 43. Qg2 Qc1 44. Qc2 Qg5 45. Nf2 h5 46. Qe2 h4
47. g4 Qe5 48. Nh1 Qa1 49. Qf1 Qxa2 50. Qh3 Qxb3 51. Qxh4+ Kd7 52. Qh7+ Kd8 53.
e5 Qd1+ 54. Kf4 Qd2+ 55. Kg3 Qe1+ 0-1

[Event "3 Copa Simon Bolivar Libertador"]
[Site "Buenos Aires"]
[Date "2010.06.30"]
[Round "6.4"]
[White "Brosntein, Luis Marcos"]
[Black "Perez Ponsa, Federico"]
[Result "1/2-1/2"]
[WhiteElo "2361"]
[BlackElo "2463"]
[PlyCount "31"]
[EventDate "2010.06.27"]

1. Nf3 Nf6 2. c4 g6 3. b3 Bg7 4. Bb2 d6 5. d4 O-O 6. g3 c5 7. Bg2 d5 8. cxd5
Nxd5 9. O-O Nc6 10. Qd2 Nc7 11. Rd1 cxd4 12. Nxd4 Nxd4 13. Bxd4 Bxd4 14. Qxd4
Qxd4 15. Rxd4 Nb5 16. Rd5 1/2-1/2

[Event "3 Copa Simon Bolivar Libertador"]
[Site "Buenos Aires"]
[Date "2010.06.30"]
[Round "6.5"]
[White "Liascovich, Lucas"]
[Black "Piñeiro, Dario"]
[Result "*"]
[WhiteElo "2427"]
[BlackElo "2076"]
[PlyCount "110"]
[EventDate "2010.06.27"]

1. d4 f5 2. Nc3 Nf6 3. Bg5 e6 4. e4 fxe4 5. Nxe4 Be7 6. Bxf6 Bxf6 7. Qh5+ g6 8.
Qh6 Nc6 9. c3 d6 10. Nf3 Bd7 11. O-O-O Qe7 12. Nxf6+ Qxf6 13. h4 O-O-O 14. Bc4
e5 15. d5 Ne7 16. Qe3 Kb8 17. Ng5 Bf5 18. f3 h6 19. Ne4 Bxe4 20. fxe4 Qf4 21.
Kd2 Rdf8 22. Rdf1 Qxe3+ 23. Kxe3 c6 24. dxc6 bxc6 25. Be6 Kc7 26. c4 a5 27. b3
c5 28. g4 Kd8 29. g5 Rxf1 30. Rxf1 hxg5 31. hxg5 Rh5 32. Rf8+ Kc7 33. Bg4 Rh1
34. Re8 Nc6 35. Rc8+ Kb7 36. Bd7 Nb8 37. Be6 Rg1 38. Rg8 Rxg5 39. Rg7+ Kb6 40.
Kf3 Rg1 41. Bg4 Ra1 42. Bc8 Kc6 43. Be6 Kb6 44. Bc8 Kc6 45. a4 Rb1 46. Rb7 Na6
47. Rb5 Nb4 48. Rxa5 Rxb3+ 49. Kg4 Re3 50. Kg5 Rxe4 51. Kxg6 Re1 52. Ra7 Rg1+
53. Kf6 e4 54. a5 d5 55. Ke7 dxc4 *

[Event "3 Copa Simon Bolivar Libertador"]
[Site "Buenos Aires"]
[Date "2010.06.30"]
[Round "6.6"]
[White "Krysa, Leandro Sergio"]
[Black "Iermito, Sebastian"]
[Result "1/2-1/2"]
[WhiteElo "2244"]
[BlackElo "2457"]
[PlyCount "157"]
[EventDate "2010.06.27"]

1. d4 g6 2. c4 Bg7 3. e4 c5 4. d5 d6 5. Nc3 Nf6 6. Bd3 O-O 7. h3 e6 8. Nf3 exd5
9. cxd5 a6 10. a4 Nbd7 11. O-O Re8 12. Bf4 Qe7 13. Re1 Nh5 14. Bg5 Bf6 15. Bh6
Bg7 16. Bg5 Bf6 17. Bh6 Ne5 18. Be2 Nxf3+ 19. Bxf3 Ng7 20. Qd2 Be5 21. Rab1 Bd7
22. b4 Rac8 23. Rec1 cxb4 24. Rxb4 Rc7 25. Nb1 Rec8 26. Rxc7 Rxc7 27. Be2 a5
28. Rc4 Rxc4 29. Bxc4 Bxa4 30. Qxa5 Bc2 31. Qa8+ Qe8 32. Qxb7 Bxe4 33. Bb5 Qd8
34. Nd2 Nf5 35. Nxe4 Nxh6 36. Qc6 Qa5 37. Bf1 Qb4 38. Qc4 Qe1 39. Qe2 Qb1 40.
Qd3 Qa1 41. Qa6 Qd4 42. Qc4 Qa7 43. Qa6 Qe7 44. Qd3 Nf5 45. Nd2 h5 46. g3 Bd4
47. Nf3 Qa7 48. Qd2 Bc5 49. Kg2 Qa4 50. Qd3 Ne7 51. Qd2 Qe4 52. Qd3 Qxd5 53.
Qxd5 Nxd5 54. Ne1 Kg7 55. Bc4 Nb6 56. Bb5 d5 57. Nd3 Bd6 58. h4 Kf6 59. Kf3 Nc4
60. Bc6 Ke6 61. Bb7 Nd2+ 62. Ke2 Ne4 63. Kf3 Nf6 64. Bc6 Bc7 65. Ke3 Kd6 66.
Ba4 Bb6+ 67. Kf3 Ne4 68. Be8 Ke7 69. Bc6 Nf6 70. Ba4 Kd6 71. Bb5 Bc7 72. Ba4
Ke7 73. Bc6 Bd6 74. Ke3 Bb8 75. Bb5 Nh7 76. Kf3 Nf8 77. Nb4 Kd6 78. Be8 Ke7 79.
Ba4 1/2-1/2

[Event "3 Copa Simon Bolivar Libertador"]
[Site "Buenos Aires"]
[Date "2010.06.30"]
[Round "6.7"]
[White "Slipak, Sergio"]
[Black "Spata, German"]
[Result "1/2-1/2"]
[WhiteElo "2440"]
[BlackElo "2286"]
[PlyCount "79"]
[EventDate "2010.06.27"]

1. d4 d5 2. c4 e6 3. Nc3 c6 4. e3 f5 5. Bd3 Bd6 6. Nge2 Nf6 7. f3 O-O 8. O-O e5
9. cxd5 cxd5 10. dxe5 Bxe5 11. Bc2 Kh8 12. Bb3 Be6 13. Nd4 Bc8 14. Qd3 Nc6 15.
Nce2 Qc7 16. g3 Qf7 17. Bd2 Qh5 18. Bc3 Bd7 19. Nf4 Bxf4 20. gxf4 Rae8 21. Kh1
a6 22. Rf2 Qf7 23. Rg1 Qe7 24. Nc2 Be6 25. Rfg2 Rf7 26. Nd4 Nxd4 27. Bxd4 Rc8
28. Be5 Kg8 29. Qd4 g6 30. Rd2 Nd7 31. Bxd5 Nxe5 32. fxe5 Bxd5 33. Qxd5 Rc5 34.
Qd8+ Qxd8 35. Rxd8+ Rf8 36. Rxf8+ Kxf8 37. f4 Rc2 38. Rg2 Rc1+ 39. Rg1 Rc2 40.
Rg2 1/2-1/2

[Event "3 Copa Simon Bolivar Libertador"]
[Site "Buenos Aires"]
[Date "2010.06.30"]
[Round "6.8"]
[White "Virgillito, Cristian"]
[Black "Goldwaser, Christian"]
[Result "0-1"]
[WhiteElo "2238"]
[BlackElo "2432"]
[PlyCount "68"]
[EventDate "2010.06.27"]

1. e4 c5 2. Nf3 e6 3. d4 cxd4 4. Nxd4 a6 5. Bd3 Bc5 6. Nb3 Be7 7. Nc3 d6 8. Be3
Nf6 9. Qe2 Qc7 10. O-O-O b5 11. g4 b4 12. Na4 Nfd7 13. Nd2 Nc6 14. f4 g5 15.
fxg5 Nce5 16. Nc4 Nxc4 17. Bxc4 Bb7 18. Kb1 Ne5 19. Bd3 Nd7 20. Qf2 Rb8 21.
Rhf1 O-O 22. Qh4 Ne5 23. Rf6 Rfc8 24. Bd4 Bxf6 25. gxf6 Kh8 26. Bxe5 dxe5 27.
Rg1 Bc6 28. Nc5 Qa7 29. Qg5 Rg8 30. Qxe5 Bb5 31. Rg3 Rbc8 32. Nxe6 Bxd3 33.
cxd3 Qf2 34. Nc7 Qd2 0-1